000 00650nam a2200277Ia 4500
005 20260324131434.0
008 008 260324s9999 xx 000 0 eng d
020 _a9781315135106
037 _aEBOOK
040 _aCRL
040 _beng
040 _cCRL
041 _2eng
041 _aeng
084 _qCRL
100 _aRobert O. Collins
_91185522
245 4 _aThe Southern Sudan in Historical Perspective
260 _bTaylor and Francis
260 _c2006
365 _a
365 _b230
856 _uhttp://www.taylorfrancis.com/books/9781315135106
942 _cEBOOK
999 _c1782660
_d1782660